| 000 | 00390nam a22001577a 4500 | ||
|---|---|---|---|
| 005 | 20231013195934.0 | ||
| 008 | 231013b |||||||| |||| 00| 0 eng d | ||
| 082 |
_a327.54 _bWED-H |
||
| 100 | _aWedin,Carol s. | ||
| 245 | _aHousing Perspectives | ||
| 260 |
_aUSA _bBurgess Publishing _c1979 |
||
| 300 | _a291 | ||
| 500 | _aInclude Index | ||
| 650 | _aArchitecture | ||
| 700 | _aCarol S.Wedin | ||
| 999 |
_c33895 _d33895 |
||